Most Points For Each Day Of The 2021-22 NBA Regular Season - Statistics

General Stats
  • This quiz has been taken 35 times
  • The average score is 32 of 55
Answer Stats
Team Player Days Led % Correct
Los Angeles Lakers LeBron James 9
100%
Philadelphia 76ers Joel Embiid 14
97%
Golden State Warriors Stephen Curry 11
97%
Brooklyn Nets Kevin Durant 9
94%
Los Angeles Lakers Anthony Davis 2
91%
Milwaukee Bucks Giannis Antetokounmpo 10
91%
Brooklyn Nets James Harden 2
91%
Dallas Mavericks Luka Dončić 7
91%
Portland Trail Blazers Damian Lillard 3
89%
Boston Celtics Jaylen Brown 4
89%
Denver Nuggets Nikola Jokić 4
89%
Phoenix Suns Devin Booker 9
86%
Utah Jazz Donovan Mitchell 7
86%
Boston Celtics Jayson Tatum 10
86%
Minnesota Timberwolves Anthony Edwards 2
83%
Los Angeles Clippers Paul George 2
83%
Minnesota Timberwolves Karl-Anthony Towns 4
80%
Atlanta Hawks Trae Young 6
80%
Chicago Bulls DeMar DeRozan 12
77%
Memphis Grizzlies Ja Morant 6
77%
Brooklyn Nets Kyrie Irving 3
77%
Washington Wizards Bradley Beal 2
74%
Chicago Bulls Zach LaVine 1
71%
Oklahoma City Thunder Shai Gilgeous-Alexander 1
69%
Philadelphia 76ers Tyrese Maxey 2
69%
Milwaukee Bucks Khris Middleton 1
66%
Sacramento Kings Tyrese Haliburton 1
66%
Denver Nuggets Aaron Gordon 1
63%
New Orleans Pelicans Brandon Ingram 2
63%
Memphis Grizzlies Jaren Jackson Jr. 1
63%
Golden State Warriors Klay Thompson 1
60%
Portland Trail Blazers CJ McCollum 1
57%
Sacramento Kings De'Aaron Fox 1
57%
New York Knicks Julius Randle 2
57%
Indiana Pacers Myles Turner 1
57%
Toronto Raptors Pascal Siakam 1
54%
Philadelphia 76ers Tobias Harris 1
54%
Toronto Raptors Fred VanVleet 2
46%
Phoenix Suns Cameron Johnson 1
43%
Utah Jazz Jordan Clarkson 2
40%
New York Knicks RJ Barrett 3
31%
Indiana Pacers Caris LeVert 1
26%
Minnesota Timberwolves D'Angelo Russell 1
26%
Orlando Magic Franz Wagner 1
26%
Charlotte Hornets Terry Rozier 1
23%
Detroit Pistons Saddiq Bey 1
20%
New York Knicks Evan Fournier 2
17%
Detroit Pistons Jerami Grant 3
17%
New Orleans Pelicans Jonas Valanciunas 1
14%
Houston Rockets Christian Wood 1
11%
Charlotte Hornets Gordon Hayward 1
11%
New York Knicks Obi Toppin 1
9%
Los Angeles Clippers Robert Covington 1
6%
Atlanta Hawks Cam Reddish 1
3%
Cleveland Cavaliers Ricky Rubio 1
3%
No matching quizzes found
Score Distribution
Percent of People with Each Score
Percentile by Number Answered
Your Score History
You have not taken this quiz